| 000 | 00380nam a2200169Ia 4500 | ||
|---|---|---|---|
| 008 | 210210b1930 xxu||||| |||| 00| 0 eng d | ||
| 041 | _aeng | ||
| 082 | _a821/200 | ||
| 100 | _aDAVIES (W H) | ||
| 245 | _aJewels of songs | ||
| 260 |
_aLondon _bJonathan Cape _c1930 |
||
| 650 | _asongs | ||
| 650 | _aof | ||
| 650 | _aJewels | ||
| 690 | _aEnglish Literature | ||
| 906 | _a011369 | ||
| 999 |
_c130044 _d130044 |
||